Exemptions and Deductions Under Three Direct Taxes (Record no. 1192147)

MARC details
000 -LEADER
fixed length control field 00704nam a2200253Ia 4500
003 - CONTROL NUMBER IDENTIFIER
control field OSt
005 - DATE AND TIME OF LATEST TRANSACTION
control field 20221007111117.0
008 - FIXED-LENGTH DATA ELEMENTS--GENERAL INFORMATION
fixed length control field 221006b |||||||| |||| 00| 0 eng d
037 ## - SOURCE OF ACQUISITION
Terms of availability Textual
040 ## - CATALOGING SOURCE
Original cataloging agency LCO
Transcribing agency LCO
Language of cataloging eng
041 ## - LANGUAGE CODE
Source of code eng
Language code of text/sound track or separate title eng
100 ## - MAIN ENTRY--PERSONAL NAME
Personal name Shukla T.N.
9 (RLIN) 246186
245 #0 - TITLE STATEMENT
Title Exemptions and Deductions Under Three Direct Taxes
260 ## - PUBLICATION, DISTRIBUTION, ETC.
Place of publication, distribution, etc. Calcutta
Name of publisher, distributor, etc. Law Review Publishers India
Date of publication, distribution, etc. 1974
300 ## - PHYSICAL DESCRIPTION
Extent 352
500 ## - GENERAL NOTE
General note Income Tax, Wealth Tax and Gift Tax
650 ## - SUBJECT ADDED ENTRY--TOPICAL TERM
Topical term or geographic name entry element TAX EXEMPTION
9 (RLIN) 708262
942 ## - ADDED ENTRY ELEMENTS (KOHA)
Classification part X72:(Z), L4
Koha item type Textual
Holdings
Withdrawn status Lost status Damaged status Not for loan Home library Current library Date acquired Total Checkouts Full call number Barcode Date last seen Price effective from Koha item type
        Law Centre-I Library Law Centre-I Library 2022-10-07   X72:(Z) L4 LO0007727 2022-10-07 2022-10-07 Textual
Copyright @ Delhi University Library System